01301nab a22002537a 4500999001500000003000400015005001700019008004100036040000700077100003300084245012700117260007200244300001200316500003900328505029900367505008900666650002600755650003100781650002600812650002900838650002800867773013900895942001301034 c5950d5950OSt20260114123656.0190605e xxu||||| |||| 00| 0 spa d cPJ 94886aElmelaj, María Laura10a¿De qué hablamos cuando hablamos de Tutela Sindical? Problemas actuales, soluciones posibles /cMaría Laura Elmelaj.  aCiudad Autónoma de Buenos Aires :bThomson Reuters La Ley,c2024. ap. 5-16 aCita: TR LALEY AR/DOC/1437/2024.  aSumario: I. Introducción.— II. La discriminación como base de toda protección.— III. Personería gremial y simple inscripción.— IV. Comienzo de la Tutela Sindical.— V. El acto electivo.— VI. Extinción de la TS.— VII. ¿Reinstalación o distracto?— VIII. Conclusiones.  t¿Te interesa el texto completo? Solicitalo al correo: koha@justierradelfuego.gov.ar 091316aDERECHO LABORAL 093784aASOCIACIONES CIVILES 095902aTUTELA SINDICAL 091371aPERSONERIA GREMIAL 091461aLIBERTAD SINDICAL0 0271193168dCiudad Autónoma de Buenos Aires : Thomson Reuters La Ley, 1999-2002.tRevista de derecho del trabajo. Nº 4 - Julio 2024 2udccANA